Представление документа в формате RUSMARC

ПолеНазваниеЗначение
  Тип записи a
  Библиографический уровень m
001 Контрольный номер UONB/MAIN/8d8bddf6b41b44f2b71d9f3656a9644e
005 Дата корректировки 20250520123237.7
010 Индекс ISBN __
b Уточнения в пер.
d Цена 4 р. 90 к.
9 Тираж 25000 экз.
100 Данные общей обработки __
a Данные общей обработки 20220705d1981 u y0rusy0189## ca
101 Язык документа 0_
a Язык текста rus
102 Страна публикации __
a Страна публикации RU
105 Кодированные данные (монография) __
a Кодированные данные (монография) a z 001yy
200 Заглавие и сведения об ответственности 1_
a Заглавие Искусство Индонезии с древнейших времен до конца XV века
f Первые сведения об ответственности И.Ф. Муриан
g Последующие сведения об ответственности Всесоюз. науч.-исслед. ин-т искусствознания
210 Выходные данные 1_
a Место издания Москва
c Издательство Искусство
d Дата издания 1981
215 Физическое описание __
a Объем 239 с.
c Иллюстрации/тип воспроизводства ил., 100 л. ил., цв. ил.
d Формат 22 см
320 Библиография __
a Библиография Библиогр.: с. 224-239
606 Тематические рубрики 0_
a Основная рубрика Индонезийская архитектура
x Основная подрубрика История
606 Тематические рубрики 0_
a Основная рубрика Индонезийская скульптура
x Основная подрубрика История
610 Ключевые слова 0_
a Ключевые слова индонезийская архитектура; архитектура индонезийская; индонезийская скульптура; скульптура индонезийская
686 Индексы других классификаций __
a Классификационный индекс 85.103(5)
2 Код системы rubbk
700 Автор _1
a Фамилия Муриан
b Имя (инициалы) И.Ф.
g Полное личное имя Инна Федоровна
801 Источник записи _0
a Страна RU
b Организация Ульяновская ОНБ
c Дата составления 20220705
g Правила каталогизации RCR
801 Источник записи _1
a Страна RU
b Организация Ульяновская ОНБ
c Дата составления 20220705
g Правила каталогизации RCR
901 Тип документа __
t Тип документа m
909 Создатель записи __
a Создатель записи Милешина
b Дата создания записи 20220705